00933cam a2200205Ka 450000500170000000800410001702000180005804000500007604100080012624501780013426000770031230000220038950400530041165000390046465000550050365000530055865100550061170000270066670000340069320140903175109.0140530s1998 xxu frb 001 0 eng d a9780822322184 aCO-BoUCMbspacJose A. GerenadJose A. Gerena0 aeng00aIdentity and struggle at the margins of the nation-statebthe laboring peoples of Central America and the Hispanic Caribbeanceditado por Aviva Chomsky, Aldo Lauria-Santiago aDurham (Carolina del Norte, Estados Unidos)bDuke University pressc1998 avi, 404 páginas aIncluye referencias bibliográficas e índices 7aClases socialeszAmérica Central 7aDesarrollo económico y socialzAmérica Central 7aTrabajo y clases trabajadoraszAmérica Central 4aAmérica CentralxDesarrollo económico y social1 aChomsky, Avivaeeditor1 aLauria-Santiago, Aldoeeditor